| 000 | 00429nam a2200157Ia 4500 | ||
|---|---|---|---|
| 008 | 230312s9999||||xx |||||||||||||| ||und|| | ||
| 020 | _a0-8493-0813-5 | ||
| 082 |
_a333.7932 _bDEN-P |
||
| 100 | _aDenny;Fred.I | ||
| 245 | 0 | _aPower System Operations and Electricity Markets | |
| 260 |
_bCRC _aUSA _c2002 |
||
| 300 | _a134 | ||
| 546 | _aEng. | ||
| 650 |
_aEngineering _vPower System Operations and Electricity Markets |
||
| 942 | _cBK | ||
| 999 |
_c7496 _d7496 |
||